000
00287nam a2200109Ia 4500
008
200302s9999 xx 000 0 und d
100
_a
Hiro Kishikawa
245
_a
Great Hotels of the World : Vol 5 Hotel Restaurant
260
_b
Kawade Shobo shinsha
260
_c
1992
300
_a
191 P.,
999
_c
1028
_d
1028